Sports Quiz

Random Sports or Football Quiz
Score 0/150 Timer 15:00
2 Plays Today
10 Win Seasons QB % Correct
14Peyton Manning
98.6%
17Tom Brady
98.5%
5Eli Manning
98.2%
10Brett Favre
95.7%
8Aaron Rodgers
95.3%
8Drew Brees
94.3%
8John Elway
94.3%
6Dan Marino
93.7%
6Joe Montana
93%
5Joe Flacco
89.7%
5Steve Young
89.3%
7Ben Roethlisberger
88.9%
5Troy Aikman
88.6%
7Russell Wilson
87.7%
1Marc Wilson
86.8%
6Matt Ryan
86.4%
5Donovan McNabb
86.2%
3Frank Ryan
85.7%
6Jim Kelly
85.3%
4Alex Smith
85%
3Tony Romo
84.3%
4Philip Rivers
83.7%
4Carson Palmer
83%
4Andy Dalton
81.7%
4Terry Bradshaw
81.1%
3Kurt Warner
80.2%
6Roger Staubach
80%
3Cam Newton
78.7%
4Andrew Luck
78.5%
3Drew Bledsoe
77.7%
2Jay Cutler
77.5%
5Phil Simms
76.2%
4Steve McNair
75.8%
4Bart Starr
75.2%
5Randall Cunningham
75.1%
1Kirk Cousins
73.7%
1Lamar Jackson
73.6%
2Warren Moon
72.2%
1Derek Carr
70.5%
2Matthew Stafford
70.4%
2Patrick Mahomes
69.1%
3Matt Hasselbeck
68.4%
1Josh Allen
67.3%
2Brad Johnson
65.8%
2Dak Prescott
65.4%
3Rich Gannon
65.4%
1Michael Vick
64.5%
1Carson Wentz
64.4%
5Ken Stabler
63.7%
4Bob Griese
63.6%
10 Win Seasons QB % Correct
2Deshaun Watson
63.5%
2Jared Goff
63.5%
3Dan Fouts
63.2%
4Ken Anderson
63%
1Derek Anderson
63%
3Jake Delhomme
62.9%
3Johnny Unitas
62.7%
1Daunte Culpepper
62.3%
3Fran Tarkenton
62.2%
3Kerry Collins
62.1%
2Boomer Esiason
62%
1Blake Bortles
62%
2Matt Cassel
61.2%
1Colin Kaepernick
60.1%
2Joe Namath
59.5%
1Teddy Bridgewater
59.2%
1Ryan Fitzpatrick
57.3%
2Vinny Testaverde
57%
1Mitchell Trubisky
56.4%
2Mark Brunell
55.9%
2Jeff Garcia
55.5%
2Chad Pennington
55.3%
1Jimmy Garoppolo
54.6%
1Jim McMahon
54.5%
1Mark Sanchez
53.6%
2Trent Green
53.4%
1Milt Plum
52.8%
3Joe Theismann
52.1%
2Jake Plummer
51.9%
1Case Keenum
51.8%
1Doug Williams
51.2%
1Rex Grossman
50.4%
1Matt Schaub
50%
2Kordell Stewart
48.3%
4Danny White
48.2%
3Ron Jaworski
47.6%
1Marc Bulger
47%
3Len Dawson
46%
1Jim Plunkett
44.3%
1Trent Dilfer
41.8%
1Mark Rypien
41.2%
3Bert Jones
40.9%
1Bernie Kosar
40.5%
3Otto Graham
39.4%
1Kyle Orton
39.1%
3Dave Krieg
38.2%
2YA Tittle
37.6%
1Josh Freeman
37.2%
1Doug Flutie
37.2%
1Chris Chandler
36.8%
10 Win Seasons QB % Correct
2Jim Everett
36.5%
1Neil O'Donnell
35.8%
2Jim Harbaugh
33.1%
1Quincy Carter
33.1%
1Tony Eason
32.5%
2Steve Grogan
31.4%
4Craig Morton
31.1%
1Ken O'Brien
30.2%
4Daryle Lamonica
30.1%
1Christian Ponder
29.5%
2Stan Humphries
29%
2Jay Fiedler
27.9%
1Brian Sipe
27.4%
1Scott Mitchell
26%
1George Blanda
25.7%
3Jim Hart
24.4%
1Jim Miller
24.3%
3Bobby Hebert
24.1%
3Roman Gabriel
24%
1Jeff Hostetler
23.7%
1Shaun King
23.6%
2Steve DeBerg
23.4%
1Steve Bartkowski
23.3%
1Norm Van Brocklin
23.2%
1Earl Morrall
22.9%
1Don Majkowski
22.7%
2Jack Kemp
22.5%
1Don Meredith
21.9%
2Jay Schroeder
21.6%
3Dan Pastorini
21.4%
1Vince Ferragamo
20.2%
1John Hadl
20.1%
1Sonny Jurgensen
19.7%
2Joe Ferguson
19%
1John Brodie
18.8%
1David Woodley
16.3%
1Joe Kapp
16.2%
1Richard Todd
16%
1Steve Bono
14.1%
1Mike Tomczak
11.9%
1Pat Haden
11.2%
1James Harris
11.1%
1Dieter Brock
9.9%
1Babe Parilli
8.8%
1Billy Wade
6.6%
1Mike Phipps
6%
1Bill Nelsen
5.1%
1Tobin Rote
5%
1Scott Hunter
5%
1Gary Cuozzo
4.3%
Remove Ads.
Support Sporcle.
Get the best of Sporcle when you Go Orange. This ad-free experience offers more features, more stats, and more fun while also helping to support Sporcle. Thank you for becoming a member.

You're not logged in!

Compare scores with friends on all Sporcle quizzes.
OR
Log In

Sporcle TV

Today on Sporcle TV


Watch our educational content, quiz creation guides, and fun videos on Sporcle TV.

Show Comments

Extras

Top Quizzes Today


Score Distribution

Paid Content

Your Account Isn't Verified!

In order to create a playlist on Sporcle, you need to verify the email address you used during registration. Go to your Sporcle Settings to finish the process.

Report this User

Report this user for behavior that violates our Community Guidelines.

Details: